000 00576nam a22001937a 4500
003 OSt
005 20170306160140.0
008 170306b xxu||||| |||| 00| 0 eng d
020 _a0443042039
040 _c040a
082 _aWY 100
_bR244 1989
245 _aRecent advances in nursing:
_btheories and modelsof nursing /
_cJ. A Akinsanya
260 _aEdinburgh
_bChurchill Livingstone
_c1989
300 _a157p;
_bill :
_c10 cm.
504 _aIncludes bibliographical references and index
650 _aNursing
_9135
700 _aAkinsanya, J. A
_911770
942 _2z
_cO_SHELF
999 _c5646
_d5646